| 000 | 00343nam a22001217a 4500 | ||
|---|---|---|---|
| 999 |
_c512980 _d512980 |
||
| 020 | _a9789389137286 | ||
| 082 | _aLx54 M691\2019 | ||
| 100 |
_aMisra, Alok _915177 |
||
| 245 |
_aInclusive finance: _bIndia report 2019 _cby Alok Misra and Ajay Tankha |
||
| 260 |
_aNew Delhi _bAccess Assist _c2019 |
||
| 300 | _a228p. | ||
| 700 |
_aTankha, Ajay _915178 |
||